| 000 | 01213nam0a22003011 4500 | ||
|---|---|---|---|
| 001 | RU\INFOCOMM_322\NLR\5000088791 | ||
| 005 | 20260406104131.0 | ||
| 035 | _a(NLR Aleph) 009455213 | ||
| 090 |
_a8431389 _c8431389 |
||
| 100 | _a20121205d1970 |||y0rusy50 ca | ||
| 101 | 0 | _ager | |
| 102 | _aRU | ||
| 105 | _ay z ||||| | ||
| 200 | 1 |
_aDer kontinentale Handel zwischen Ost- und Westeuropa vom 15. Jahrhundert bis zum Beginn des Eisenbahnzeitalters _f[Von] H. Kellenbenz (BRD) _gV. Internationaler Kongreß der ökonomischen Geschichte, Leningrad, 10-14 Aug. [1970] |
|
| 210 |
_aM. _c"Nauka" _d1970 |
||
| 215 |
_a[2], 33 с. _d21 см |
||
| 309 | _aОтпеч. множит. аппаратом | ||
| 320 | _aБиблиогр. в примеч.: с. 30-33 | ||
| 606 |
_aМеждународная торговля _xИстория _91580338 _3RU\NLR\AUTH\66693449 |
||
| 620 | _aМосква | ||
| 686 |
_aЭ8-3 _2rubbk |
||
| 700 | 1 |
_aKellenbenz _bH. _gHermann |
|
| 712 | 1 | 2 |
_4570 _8ger _aInternationaler Kongress der ökonomischen Geschichte _d5 _f1970 _eLeningrad _7ba _3RU\NLR\AUTH\882610 _9276174 |
| 801 | 1 |
_aRU _bNLR _c20121205 |
|
| 801 | 0 |
_aRU _bINFOCOMM _gPSBO |
|
| 852 |
_aNLR _jЭк55 Д-4/20 |
||
| 942 | _cBOOK | ||
| 980 | _aNB | ||